00452nam a22001577a 4500003000400000082001800004100002000022245003300042260004400075300000700119650001700126653001700143942001200160952010500172999001700277SGT a617.643bD21S aSehrawat, Sonam aDigitization in Orthodontics aGurugram, HaryanabSGT Universityc2021 a95 aOrthodontics aOrthodontics 2ddccTH 00102ddc405171aFDbFDd2022-12-23l0o617.643 D21SpDT1422r2022-12-23 00:00:00w2022-12-23yTH c23643d23643